Our house in the last world. (Record no. 6060)
[ view plain ]
| 000 -LEADER | |
|---|---|
| fixed length control field | 00500nam a22001932 4500 |
| 001 - CONTROL NUMBER | |
| control field | 0000002859 |
| 005 - DATE AND TIME OF LATEST TRANSACTION | |
| control field | 20151217151906.0 |
| 008 - FIXED-LENGTH DATA ELEMENTS--GENERAL INFORMATION | |
| fixed length control field | 070420s xx 000 0 eng d |
| 020 ## - INTERNATIONAL STANDARD BOOK NUMBER | |
| International Standard Book Number | 0852421053 : |
| 040 ## - CATALOGING SOURCE | |
| Original cataloging agency | KABU |
| Transcribing agency | KABU |
| 050 #0 - LIBRARY OF CONGRESS CALL NUMBER | |
| Classification number | PS3558 |
| Item number | .I38O97 |
| 100 1# - MAIN ENTRY--PERSONAL NAME | |
| Personal name | Hijuelos, Oscar. |
| -- | 0000152359 |
| 245 10 - TITLE STATEMENT | |
| Title | Our house in the last world. |
| 260 ## - PUBLICATION, DISTRIBUTION, ETC. (IMPRINT) | |
| Place of publication, distribution, etc. | New York : |
| Name of publisher, distributor, etc. | Persea Books, |
| Date of publication, distribution, etc. | 1983. |
| 300 ## - PHYSICAL DESCRIPTION | |
| Extent | 235 p. |
| 908 ## - PUT COMMAND PARAMETER (RLIN) | |
| Put command parameter | 070420 |
| 950 ## - LOCAL HOLDINGS (RLIN) | |
| -- | 1 |
| Withdrawn status | Lost status | Source of classification or shelving scheme | Not for loan | Home library | Current library | Date acquired | Total Checkouts | Full call number | Date last seen | Price effective from | Koha item type |
|---|---|---|---|---|---|---|---|---|---|---|---|
| Library of Congress Classification | Kabarak, Main Campus | Kabarak, Main Campus | 17/12/2015 | PS3558 .I38O97 c. 1 | 17/12/2015 | 17/12/2015 | General Collection |